000 00444nam a22001697a 4500
005 20160630141209.0
008 160630b xxu||||| |||| 00| 0 eng d
020 _a978-81-219-2963-9
041 _aeng
082 _b19859
100 _aRajput, R K
_93270
245 _aElectrical measurements & measuring Instruments
260 _a New Delhi
_bSultan Chand & Sons,
_c2014
300 _a764
650 _aDiploma Engineering
_9817
942 _cBK
999 _c4936
_d4934